|
|
|
|
| LEADER |
01269nam a2200349 a 4500 |
| 001 |
000565906 |
| 003 |
CZ BrMZK |
| 005 |
20090225072845.0 |
| 007 |
ta |
| 008 |
000115s2001 xr cze d |
| 015 |
|
|
|a cnb001004722
|
| 020 |
|
|
|a 80-7202-851-0
|
| 035 |
|
|
|a (OCoLC)50341409
|
| 040 |
|
|
|a BOA001
|b cze
|
| 041 |
1 |
|
|a cze
|h eng
|
| 072 |
|
7 |
|a 821.111(73)-3
|x Americká próza
|2 Konspekt
|9 25
|
| 080 |
|
|
|a 821.111(73)-31
|2 MRF
|
| 080 |
|
|
|a (0:82-31)
|2 MRF
|
| 100 |
1 |
|
|a Goldsmith, Olivia,
|d 1949-2004
|7 jo20000075824
|4 aut
|
| 245 |
1 |
0 |
|a Mladé manželky /
|c Olivia Goldsmithová ; [z anglického originálu přeložila Jiřina Stárková]
|
| 250 |
|
|
|a Vyd. 1.
|
| 260 |
|
|
|a [Praha] :
|b Ikar,
|c 2001
|
| 300 |
|
|
|a 374 s. ;
|c 24 cm
|
| 500 |
|
|
|a Vydavatel: Euromedia Group
|
| 500 |
|
|
|a Dostupné též v digitální podobě v aplikaci Kramerius
|
| 655 |
|
7 |
|a americké romány
|7 fd131796
|2 czenas
|
| 700 |
1 |
|
|a Stárková, Jiřina
|7 ola2004228790
|4 trl
|
| 765 |
0 |
|
|t Young wives
|
| 856 |
4 |
1 |
|u http://www.digitalniknihovna.cz/mzk/uuid/uuid:91a67fc0-5618-11e5-bc53-005056827e52
|y Digitalizovaný dokument
|x NDK
|
| 910 |
|
|
|a BOA001
|b 2-1089.432
|
| 990 |
|
|
|a BK
|
| 996 |
6 |
|
|b 2610141391
|c 2-1089.432
|l MZK
|r Sklad / do 1 hodiny
|n 7
|p p.v.
|w 000565906
|u 000010
|a 1
|e BOA001
|j MZK50
|s P
|